00768nam a2200241 a 4500001001300000003000900013005001700022008004100039020002300080082001800103100002200121245006100143260003500204300000900239500003500248505002800283650003000311700002200341902000800363942000700371952013100378999001700509nice12345678IN_TiNIC20260116014512.0090113s2006 dela grp 000 0 eng  a8178241498 c29500a809.0954bBLA aBlackburn, Stuart aPrint, Folklore, and Nationalism in Colonial South India aDelhi bPermanent Black c2006 a247p aincludes index and biblioraphy2 aappendix, notes, biblio aIndia-literature, History1 aBlackburn, Stuart bSRS cBK 001040708StackRoom-aHMIbHMId2009-01-13g295.00l1o809.0954 BLAp022610r2019-08-19s2019-08-13v295.00w2009-01-13yBK c15657d15657